[Event "C.to Regionale Calabria"]
[Site "Amantea ITA"]
[Date "2009.05.31"]
[Round "3"]
[White "Costantino, Gregorio"]
[Black "Mercurio, Rosario"]
[Result "0-1"]
[WhiteElo "1440"]
[BlackElo "1372"]
[PlyCount "102"]
[EventDate "2009.05.30"]

1. d4 e6 2. Nf3 d5 3. e3 c5 4. c3 Nc6 5. Nbd2 Nf6 6. Bd3 c4 7. Bc2 b5 8. O-O
Bd6 9. Re1 O-O 10. e4 dxe4 11. Nxe4 Nxe4 12. Bxe4 Bb7 13. Ng5 g6 14. h4 Qf6 15.
Rf1 Bf4 16. h5 Qxg5 17. Bxf4 Qxf4 18. Re1 f5 19. g3 Qg5 20. Bg2 Rab8 21. Rxe6
Nd8 22. Re1 f4 23. Re5 Qf6 24. g4 Bxg2 25. Kxg2 f3+ 26. Kg3 Qf4+ 27. Kh3 Nf7
28. Rc5 h6 29. Qh1 Ng5+ 30. Rxg5 Qxg5 31. Kg3 Rf4 32. Qh4 Qxh4+ 33. Kxh4 g5+
34. Kg3 Rbf8 35. Re1 Kf7 36. Re5 a6 37. Rc5 Re8 38. Rc6 Re6 39. d5 Rxc6 40.
dxc6 Rf6 41. c7 Rc6 42. Kxf3 Rxc7 43. Ke4 Ke6 44. f4 gxf4 45. Kxf4 Rc5 46. Ke4
Rg5 47. Kd4 Kd6 48. Ke4 Rxg4+ 49. Kf5 Rg5+ 50. Kf6 Rxh5 51. Kg6 Rh2 0-1

[Event "C.to Regionale Calabria"]
[Site "Amantea ITA"]
[Date "2009.05.31"]
[Round "3"]
[White "Garofalo, Massimo"]
[Black "Familari, Giuseppe"]
[Result "0-1"]
[WhiteElo "1996"]
[BlackElo "1861"]
[PlyCount "84"]
[EventDate "2009.05.30"]

1. e4 e6 2. d4 d5 3. Nc3 Bb4 4. e5 c5 5. a3 Bxc3+ 6. bxc3 Ne7 7. f4 Qa5 8. Bd2
Nbc6 9. Nf3 Bd7 10. Bd3 c4 11. Be2 O-O-O 12. Qc1 f6 13. Rb1 h5 14. Qb2 Qc7 15.
h4 Nf5 16. Rh3 Be8 17. Kf2 Bg6 18. Rhh1 Rdf8 19. Rhe1 Nh6 20. Kg1 Bf5 21. Nh2
Ng4 22. Bf3 Rf7 23. Nf1 g5 24. fxg5 fxe5 25. dxe5 Ncxe5 26. Be3 Nxf3+ 27. gxf3
Ne5 28. Bd4 Nxf3+ 29. Kh1 Rhf8 30. Bf6 Nxe1 31. Rxe1 Be4+ 32. Rxe4 dxe4 33. Qc1
Qc5 34. Ne3 Rxf6 35. gxf6 Rxf6 36. Qg1 Rf8 37. Qg7 Rf3 38. Qg8+ Kc7 39. Qxe6
Rxe3 40. Qf7+ Kb6 41. Qf6+ Ka5 42. Qd8+ b6 0-1

[Event "C.to Regionale Calabria"]
[Site "Amantea ITA"]
[Date "2009.05.31"]
[Round "3"]
[White "Greco, Simone"]
[Black "Berardi, Emiliano"]
[Result "0-1"]
[WhiteElo "1377"]
[BlackElo "1506"]
[PlyCount "104"]
[EventDate "2009.05.30"]

1. e4 c6 2. d4 d5 3. e5 Bf5 4. Nf3 e6 5. Nc3 h6 6. Bd3 Bxd3 7. Qxd3 Ne7 8. O-O
Ng6 9. h3 Be7 10. Bd2 O-O 11. Na4 Nd7 12. Qb3 b5 13. Nc3 a6 14. Ne2 c5 15. dxc5
Bxc5 16. Nf4 Ngxe5 17. Nxe5 Nxe5 18. Qc3 Bd6 19. Rfe1 Rc8 20. Qb3 Nc4 21. Be3
Qf6 22. Nh5 Qxb2 23. Qxb2 Nxb2 24. Bd4 Rxc2 25. Bxg7 Rfc8 26. Bxh6 Kh7 27. Bg7
Kg6 28. Bxb2 Rxb2 29. Ng3 Bxg3 30. fxg3 Rcc2 31. g4 Rxg2+ 32. Kh1 Rxa2 33. Rxa2
Rxa2 34. h4 Ra4 35. Rg1 Rf4 36. Kh2 d4 37. Kg3 e5 38. h5+ Kh6 39. Rh1 b4 40.
g5+ Kh7 41. Rc1 d3 42. Rc7 d2 43. Rd7 Rd4 44. g6+ Kg8 45. gxf7+ Kf8 46. h6 d1=Q
47. h7 Qh5 48. h8=Q+ Qxh8 49. Ra7 Qh4+ 50. Kf3 Qh3+ 51. Ke2 Qd3+ 52. Ke1 Qe3+
0-1

[Event "C.to Regionale Calabria"]
[Site "Amantea ITA"]
[Date "2009.05.31"]
[Round "3"]
[White "Mercuri, Delia"]
[Black "Caputo, Francesco"]
[Result "0-1"]
[WhiteElo "1439"]
[BlackElo "1584"]
[PlyCount "104"]
[EventDate "2009.05.30"]

1. e4 e5 2. Nf3 Nc6 3. Bb5 a6 4. Bxc6 dxc6 5. O-O Bg4 6. d3 Bc5 7. Qe2 Qe7 8.
Be3 Nf6 9. Nbd2 b5 10. Rad1 O-O 11. h3 Bh5 12. a3 Rad8 13. b4 Bb6 14. Nb3 Nd7
15. Bxb6 cxb6 16. Qe3 f5 17. Qg5 Qxg5 18. Nxg5 Bxd1 19. Rxd1 Rde8 20. exf5 Rxf5
21. Ne4 Re6 22. f3 Rg6 23. d4 Rxf3 24. dxe5 Nxe5 25. Nd4 Rxh3 26. Nf5 Kf7 27.
Nfd6+ Ke6 28. Nc8 Nc4 29. Kf2 Rh2 30. Rg1 Nxa3 31. Nxb6 Nxc2 32. Nc5+ Kf7 33.
Nxa6 h5 34. Nd7 Ke6 35. Nf8+ Kf7 36. Nxg6 Kxg6 37. Kg3 Rxg2+ 38. Rxg2 Nd4 39.
Kf4+ Kf6 40. Nb8 Ne6+ 41. Ke4 g5 42. Nxc6 g4 43. Nd4 Nxd4 44. Kxd4 Kg5 45. Kc5
h4 46. Kd5 h3 47. Rg1 h2 48. Rf1 g3 49. Ke4 g2 50. Rf5+ Kg6 51. Ke5 g1=Q 52.
Rf6+ Kg7 0-1

[Event "C.to Regionale Calabria"]
[Site "Amantea ITA"]
[Date "2009.05.31"]
[Round "3"]
[White "Rametta, Marcello"]
[Black "De Rasis, Giovanni"]
[Result "1-0"]
[WhiteElo "1738"]
[BlackElo "1873"]
[PlyCount "54"]
[EventDate "2009.05.30"]

1. e4 d5 2. exd5 Nf6 3. Nc3 c6 4. dxc6 e5 5. c7 Qxc7 6. Bb5+ Nc6 7. h3 Bc5 8.
Nf3 e4 9. Bxc6+ bxc6 10. Nh2 Ba6 11. d3 exd3 12. cxd3 Bxf2+ 13. Kxf2 O-O 14.
Ng4 Nh5 15. Re1 Rad8 16. Nh6+ gxh6 17. Qxh5 Qb6+ 18. Kg3 f6 19. Kh2 Qc7+ 20.
Kh1 Kh8 21. Bxh6 Rg8 22. Ne4 Bxd3 23. Nxf6 Rg6 24. Qh4 Qf7 25. Nxh7 Qd5 26. Ng5
Kg8 27. Nf3 Rdd6 1-0

[Event "C.to Regionale Calabria"]
[Site "Amantea ITA"]
[Date "2009.05.31"]
[Round "3"]
[White "Rizzuti, Pasquale"]
[Black "Paragliola, Gennaro"]
[Result "1-0"]
[WhiteElo "1814"]
[BlackElo "1635"]
[PlyCount "67"]
[EventDate "2009.05.30"]

1. Nf3 d5 2. d4 Nf6 3. Bf4 g6 4. Nc3 Bg7 5. Qd2 O-O 6. Bh6 Nc6 7. Bxg7 Kxg7 8.
e3 Bf5 9. Nh4 Qd7 10. Nxf5+ Qxf5 11. Bd3 Qh5 12. a3 e5 13. Be2 Qg5 14. dxe5
Nxe5 15. O-O-O c6 16. f4 Qxg2 17. fxe5 Ne4 18. Nxe4 dxe4 19. Rdg1 Qf2 20. Rf1
Qh4 21. Rf4 Qh3 22. Bg4 Qh4 23. Qc3 Kh6 24. Rxe4 Qf2 25. Rf4 Qg2 26. Bf3 Qh3
27. Qc4 g5 28. Rxf7 Rg8 29. Rg1 Rae8 30. Rf6+ Rg6 31. Qf7 Rd8 32. Rxg6+ hxg6
33. Qf6 Qd7 34. Qxg5+ 1-0

[Event "C.to Regionale Calabria"]
[Site "Amantea ITA"]
[Date "2009.05.31"]
[Round "3"]
[White "Sansosti, Simona"]
[Black "De Crea, Francesco"]
[Result "1/2-1/2"]
[WhiteElo "1410"]
[BlackElo "1470"]
[PlyCount "88"]
[EventDate "2009.05.30"]

1. d4 d5 2. e3 Nf6 3. Bd3 e6 4. Nd2 Be7 5. Qe2 O-O 6. Ngf3 Nc6 7. e4 dxe4 8.
Nxe4 Nxd4 9. Nxf6+ Bxf6 10. Qe4 g6 11. Be3 Nxf3+ 12. Qxf3 Bxb2 13. Rb1 Bc3+ 14.
Ke2 Qf6 15. Be4 Qxf3+ 16. Bxf3 e5 17. Bxb7 Bxb7 18. Rxb7 c6 19. Bxa7 Bd4 20.
Bxd4 exd4 21. Ra1 Rfb8 22. Rxb8+ Rxb8 23. Kd3 c5 24. a4 Kf8 25. a5 Ke7 26. Kc4
Kd6 27. a6 Ra8 28. c3 dxc3 29. Kxc3 Kc6 30. Kc4 Kb6 31. f4 f5 32. a7 h6 33. g3
h5 34. h4 Kc6 35. Ra5 Kb6 36. Rxc5 Rxa7 37. Rb5+ Kc6 38. Rc5+ Kd6 39. Kd4 Ra4+
40. Rc4 Rxc4+ 41. Kxc4 Kc6 42. Kd4 Kd6 43. Kc4 Kc6 44. Kd4 Kd6 1/2-1/2

[Event "C.to Regionale Calabria"]
[Site "Amantea ITA"]
[Date "2009.05.31"]
[Round "3"]
[White "Scalise, Sandro"]
[Black "Serratore, Vincenzo"]
[Result "0-1"]
[WhiteElo "1586"]
[BlackElo "1900"]
[PlyCount "66"]
[EventDate "2009.05.30"]

1. d4 d5 2. Nc3 Nf6 3. Bg5 e6 4. e4 dxe4 5. Nxe4 Be7 6. Bxf6 Bxf6 7. c3 O-O 8.
Bd3 Be7 9. Nf3 Nd7 10. Qc2 f5 11. Ng3 Nf6 12. O-O b6 13. Rfe1 Bd6 14. Rad1 c6
15. Ne5 Qc7 16. Qb3 g6 17. f4 b5 18. c4 a6 19. cxb5 cxb5 20. Rc1 Qb6 21. Nf3
Bxf4 22. Rxc8 Nd5 23. Rxa8 Rxa8 24. Nxf5 gxf5 25. Bxf5 Re8 26. Qc2 Be3+ 27. Kh1
exf5 28. Qxf5 Qe6 29. Qd3 Nf4 30. Qa3 Nxg2 31. Ng5 Qd5 32. Ne4 Qxe4 33. Qb3+
Re6 0-1

[Event "C.to Regionale Calabria"]
[Site "Amantea ITA"]
[Date "2009.05.31"]
[Round "3"]
[White "Scerra, Ezio"]
[Black "Fittante, Enrico"]
[Result "0-1"]
[WhiteElo "1332"]
[BlackElo "1479"]
[PlyCount "68"]
[EventDate "2009.05.30"]

1. c4 g6 2. Nf3 Bg7 3. Nc3 Nf6 4. g3 d6 5. Bg2 O-O 6. O-O c6 7. Re1 Bg4 8. d4
Qd7 9. e4 Bh3 10. e5 Bxg2 11. exf6 Bxf3 12. Qxf3 Bxf6 13. Ne2 Na6 14. a3 Nc7
15. Rb1 d5 16. Be3 dxc4 17. Rbd1 Nd5 18. Nc3 Bg7 19. Nxd5 cxd5 20. Bg5 e6 21.
Bf6 a5 22. Re3 b5 23. b3 Rfc8 24. Rc3 b4 25. axb4 axb4 26. Rc2 c3 27. g4 Ra3
28. Rb1 Rca8 29. g5 Ra1 30. Qd1 Rxb1 31. Qxb1 Bxf6 32. gxf6 Qd8 33. Ra2 Rxa2
34. Qxa2 Qxf6 0-1

[Event "C.to Regionale Calabria"]
[Site "Amantea ITA"]
[Date "2009.05.31"]
[Round "3"]
[White "Sorbara, Emilio"]
[Black "Valotta, Massimiliano"]
[Result "0-1"]
[WhiteElo "1446"]
[BlackElo "1864"]
[PlyCount "64"]
[EventDate "2009.05.30"]

1. d4 d5 2. c4 Nc6 3. e3 Nf6 4. Nc3 e6 5. a3 Be7 6. Nf3 O-O 7. Be2 Re8 8. O-O
a6 9. Qc2 dxc4 10. Bxc4 Bd6 11. Kh1 h6 12. Rd1 Qe7 13. e4 e5 14. dxe5 Nxe5 15.
Nxe5 Bxe5 16. f3 c6 17. Bd3 Nh5 18. g4 Nf4 19. Bxf4 Bxf4 20. Rg1 Qh4 21. Qg2
Be6 22. Rae1 Rad8 23. Be2 Rd2 24. b4 Bb3 25. Rb1 Bc2 26. Rb2 Be5 27. Nb1 Bxb2
28. Nxd2 Bxa3 29. g5 hxg5 30. Qxg5 Qxg5 31. Rxg5 Bxb4 32. h3 Bxd2 0-1

[Event "C.to Regionale Calabria"]
[Site "Amantea ITA"]
[Date "2009.05.31"]
[Round "3"]
[White "Vacchiano, Salvatore"]
[Black "Nicoletta, Oscare"]
[Result "1-0"]
[WhiteElo "1512"]
[BlackElo "1368"]
[PlyCount "73"]
[EventDate "2009.05.30"]

1. e4 e5 2. f4 d6 3. Nf3 exf4 4. d4 Nf6 5. Bd3 Bg4 6. Bxf4 Nh5 7. Bg3 Nc6 8. c3
g6 9. O-O Bg7 10. Qb3 Na5 11. Qa4+ c6 12. b4 b5 13. Qxa5 Qxa5 14. bxa5 O-O 15.
Bxd6 Rfd8 16. e5 Bxf3 17. Rxf3 Rd7 18. a4 a6 19. axb5 axb5 20. Nd2 Re8 21. Bc5
f6 22. g4 fxe5 23. gxh5 exd4 24. cxd4 Rxd4 25. Raf1 Rd5 26. Nb3 Rxh5 27. Bd4
Rg5+ 28. Kh1 Bh6 29. Rf6 Bg7 30. Rxc6 Bxd4 31. Nxd4 Rd5 32. Rf4 Re1+ 33. Kg2
Rg5+ 34. Kf3 Rf1+ 35. Bxf1 b4 36. Rc7 Rxa5 37. Bc4+ 1-0

[Event "C.to Regionale Calabria"]
[Site "Amantea ITA"]
[Date "2009.06.01"]
[Round "4"]
[White "Cicero, Angelo"]
[Black "Violi, Vincenzo"]
[Result "0-1"]
[WhiteElo "1428"]
[BlackElo "1644"]
[PlyCount "98"]
[EventDate "2009.05.30"]

1. g3 e5 2. Bg2 d5 3. e4 Nf6 4. Nc3 d4 5. Nd5 Nxd5 6. exd5 f5 7. f3 Qxd5 8. Qe2
Qe6 9. f4 e4 10. d3 e3 11. Nf3 c5 12. O-O Nc6 13. a3 Be7 14. b4 cxb4 15. axb4
Bxb4 16. Ba3 Bxa3 17. Rxa3 O-O 18. Ra4 Bd7 19. Nxd4 Nxd4 20. Rxd4 Bc6 21. Bxc6
bxc6 22. Rf3 Rfe8 23. Ra4 a5 24. c4 c5 25. Ra1 a4 26. Re1 a3 27. Rxe3 Qxe3+ 28.
Qxe3 Rxe3 29. Rxe3 a2 30. Re1 a1=Q 31. Rxa1 Rxa1+ 32. Kf2 Kf7 33. Ke3 Ra4 34.
Kf3 h5 35. h3 Ra3 36. Ke3 Ke6 37. Ke2 Kd6 38. g4 hxg4 39. hxg4 fxg4 40. Ke3 g3
41. Kf3 Rxd3+ 42. Kg2 Ke6 43. Kh3 Kf5 44. Kg2 Kg4 45. Kf1 Rd2 46. Ke1 Rh2 47.
Kf1 g2+ 48. Kg1 Kg3 49. f5 Rh1# 0-1

[Event "C.to Regionale Calabria"]
[Site "Amantea ITA"]
[Date "2009.06.01"]
[Round "4"]
[White "De Crea, Francesco"]
[Black "Zampaglione, Davide"]
[Result "0-1"]
[WhiteElo "1470"]
[BlackElo "1608"]
[PlyCount "50"]
[EventDate "2009.05.30"]

1. e4 e5 2. Nf3 Nf6 3. Nxe5 d6 4. Nf3 Nxe4 5. Nc3 Nxc3 6. dxc3 Nc6 7. Be2 Be7
8. Bf4 O-O 9. Qd2 Be6 10. a3 Qd7 11. O-O-O Rab8 12. h4 a5 13. Ng5 b5 14. b3 b4
15. a4 Bf6 16. cxb4 Nxb4 17. Nxe6 Qxe6 18. Kb1 Nc6 19. Rdg1 Nd4 20. Bd1 Qd7 21.
Qxa5 Ra8 22. Qb4 Rfb8 23. Qa3 Rxa4 24. Qc1 Ne2 25. Bxe2 Ra1# 0-1

[Event "C.to Regionale Calabria"]
[Site "Amantea ITA"]
[Date "2009.06.01"]
[Round "4"]
[White "De Rasis, Giovanni"]
[Black "Zampaglione, Francesco"]
[Result "1-0"]
[WhiteElo "1873"]
[BlackElo "1371"]
[PlyCount "51"]
[EventDate "2009.05.30"]

1. e4 e5 2. f4 d5 3. exd5 e4 4. Bc4 Nf6 5. Nc3 Bb4 6. Bb5+ Bd7 7. Nge2 Bxb5 8.
Nxb5 Nxd5 9. O-O c6 10. Nbc3 Bxc3 11. bxc3 O-O 12. c4 Nf6 13. Rb1 b6 14. Qe1 c5
15. Rb3 Nc6 16. Bb2 Na5 17. Rc3 Qd7 18. Rg3 Nh5 19. Rg5 g6 20. Rd5 Qc8 21. Rxh5
gxh5 22. f5 f6 23. d3 e3 24. Qh4 Kg7 25. Nf4 Qd8 26. Ne6+ 1-0

[Event "C.to Regionale Calabria"]
[Site "Amantea ITA"]
[Date "2009.06.01"]
[Round "4"]
[White "Familari, Giuseppe"]
[Black "Rizzuti, Pasquale"]
[Result "1-0"]
[WhiteElo "1861"]
[BlackElo "1814"]
[PlyCount "67"]
[EventDate "2009.05.30"]

1. e4 c5 2. Nf3 d6 3. d4 cxd4 4. Nxd4 Nf6 5. Nc3 e5 6. Nb3 Be6 7. h3 a6 8. Be3
Be7 9. g3 Nbd7 10. Bg2 O-O 11. O-O Qc7 12. Nd2 b5 13. Rc1 Rac8 14. g4 b4 15.
Nd5 Bxd5 16. exd5 Nb6 17. c4 bxc3 18. Rxc3 Qd8 19. Rxc8 Nxc8 20. Qb3 h5 21. g5
Nd7 22. Ne4 f5 23. gxf6 Bxf6 24. Rc1 Bh4 25. Qb7 Nf6 26. Rc7 Ne8 27. Rxc8 Qa5
28. Qb8 Qe1+ 29. Kh2 Be7 30. Rxe8 h4 31. Rxf8+ Bxf8 32. Ng5 a5 33. Ne6 Kh7 34.
Qxf8 1-0

[Event "C.to Regionale Calabria"]
[Site "Amantea ITA"]
[Date "2009.06.01"]
[Round "4"]
[White "Fittante, Enrico"]
[Black "Scalise, Sandro"]
[Result "1-0"]
[WhiteElo "1479"]
[BlackElo "1586"]
[PlyCount "109"]
[EventDate "2009.05.30"]

1. e4 Nf6 2. Nc3 d5 3. exd5 Nxd5 4. Nxd5 Qxd5 5. Nf3 Nc6 6. c3 e5 7. d3 Bg4 8.
Be2 Bc5 9. O-O O-O-O 10. b4 Be7 11. Be3 Bf5 12. Ne1 h5 13. Bf3 e4 14. dxe4 Bxe4
15. Qxd5 Bxd5 16. Bxd5 Rxd5 17. Nf3 Bf6 18. Rac1 Rd3 19. b5 Na5 20. Bd4 Bxd4
21. Nxd4 Nc4 22. Rfe1 Kd7 23. Nf5 Re8 24. Rxe8 Kxe8 25. Nxg7+ Kd7 26. Nxh5 Na3
27. c4 Nxc4 28. Nf4 Rd4 29. g3 Na3 30. Re1 Nxb5 31. h4 Rd6 32. h5 Nd4 33. Kg2
Nf5 34. Kh3 c5 35. Re5 Ng7 36. Rxc5 Ne6 37. Nxe6 Rxe6 38. f4 b6 39. Rc3 a5 40.
f5 Re5 41. Kg4 Ke8 42. Kg5 Kf8 43. h6 Kg8 44. g4 Rc5 45. Rh3 Kh7 46. Kf6 Rc4
47. g5 Rf4 48. Rb3 Rf2 49. Rxb6 Rxa2 50. Kxf7 Rf2 51. Kf6 a4 52. Rb7+ Kh8 53.
g6 Rb2 54. Rxb2 a3 55. Rb8# 1-0

[Event "C.to Regionale Calabria"]
[Site "Amantea ITA"]
[Date "2009.06.01"]
[Round "4"]
[White "Mercurio, Rosario"]
[Black "Garofalo, Massimo"]
[Result "0-1"]
[WhiteElo "1372"]
[BlackElo "1996"]
[PlyCount "120"]
[EventDate "2009.05.30"]

1. c4 d5 2. cxd5 Nf6 3. Nc3 Nxd5 4. g3 g6 5. Bg2 e6 6. e4 Nb6 7. Nf3 Bg7 8. O-O
e5 9. d3 O-O 10. Be3 Bg4 11. Qd2 Qf6 12. Ne1 Qe6 13. Rc1 Na6 14. Nc2 Rad8 15.
b3 Bh3 16. Rb1 Bxg2 17. Kxg2 f5 18. f3 f4 19. Bf2 Rd7 20. a4 Rfd8 21. a5 Rxd3
22. Qe1 Nc8 23. Na4 Rxb3 24. Rd1 Rbd3 25. Rxd3 Rxd3 26. Qb1 Qd7 27. Qa2+ Kh8
28. Nb2 Rd2 29. Nc4 Nb4 30. Qb2 Rxc2 31. Qxb4 h5 32. h4 Kh7 33. Qb3 Re2 34. Rd1
Qf7 35. Qc3 fxg3 36. Kxg3 Qf4+ 37. Kg2 Qxh4 38. Rf1 Qg5+ 39. Kh1 Qf4 40. Qd3
Ra2 41. Qb3 Rxf2 42. Rxf2 b5 43. axb6 axb6 44. Nxb6 Ne7 45. Qe6 Qe3 46. Rg2
Qe1+ 47. Kh2 Qh4+ 48. Kg1 Qf6 49. Qb3 Kh8 50. Nd7 Qd6 51. Qb7 Bh6 52. Qa8+ Kh7
53. Nf8+ Kg7 54. Qe8 Be3+ 55. Kh1 Qf6 56. Nd7 Qh4+ 57. Rh2 Qe1+ 58. Kg2 Qf2+
59. Kh3 Qxf3+ 60. Kh4 Qg4# 0-1

[Event "C.to Regionale Calabria"]
[Site "Amantea ITA"]
[Date "2009.06.01"]
[Round "4"]
[White "Nicoletta, Oscare"]
[Black "Mercuri, Delia"]
[Result "0-1"]
[WhiteElo "1368"]
[BlackElo "1439"]
[PlyCount "46"]
[EventDate "2009.05.30"]

1. e4 e5 2. Nc3 Nf6 3. d3 Be7 4. Nf3 Nc6 5. d4 d5 6. exd5 Nxd5 7. Nxd5 Qxd5 8.
c3 Bg4 9. Be2 O-O-O 10. dxe5 Qe4 11. Bd2 Bxf3 12. gxf3 Qxe5 13. Qc2 Bf6 14.
O-O-O Qxe2 15. Qf5+ Kb8 16. Qc2 Qxf3 17. Be3 Ne5 18. Rxd8+ Rxd8 19. Rd1 Rxd1+
20. Qxd1 Qxd1+ 21. Kxd1 Nc4 22. Kc2 Nxe3+ 23. fxe3 c5 0-1

[Event "C.to Regionale Calabria"]
[Site "Amantea ITA"]
[Date "2009.06.01"]
[Round "4"]
[White "Olivo, Paolo"]
[Black "Rametta, Marcello"]
[Result "1-0"]
[WhiteElo "1649"]
[BlackElo "1738"]
[PlyCount "97"]
[EventDate "2009.05.30"]

1. e4 c5 2. Nf3 Nc6 3. d4 cxd4 4. Nxd4 Nxd4 5. Qxd4 a6 6. Nc3 e6 7. a3 b5 8.
Be2 Bb7 9. O-O Nf6 10. Bf4 d5 11. e5 Nd7 12. Bg3 Be7 13. Qg4 O-O 14. Rad1 Rc8
15. Bd3 Nc5 16. Be2 Qb6 17. Bf4 Rfd8 18. Bh6 g6 19. Be3 Qc6 20. Bf3 Nd7 21. Qf4
Qc7 22. Bd4 Bc5 23. Rfe1 Be7 24. h4 b4 25. axb4 Bxb4 26. h5 Bc5 27. hxg6 fxg6
28. Bg4 Qc6 29. Ne2 Rf8 30. Qg5 Rce8 31. Rd3 Kg7 32. Rh3 Rh8 33. c3 h6 34. Qe3
Be7 35. Qg3 Bg5 36. f4 Bd8 37. f5 Bb6 38. Nf4 exf5 39. Bxf5 g5 40. Nh5+ Kf8 41.
Bxd7 Bxd4+ 42. cxd4 Qxd7 43. Nf6 Qa4 44. Qf2 Re7 45. Rf3 Kg7 46. Nh5+ Kg6 47.
g4 Rhe8 48. b3 Qd7 49. Qc2+ 1-0

[Event "C.to Regionale Calabria"]
[Site "Amantea ITA"]
[Date "2009.06.01"]
[Round "4"]
[White "Paragliola, Gennaro"]
[Black "Vacchiano, Salvatore"]
[Result "1-0"]
[WhiteElo "1635"]
[BlackElo "1512"]
[PlyCount "75"]
[EventDate "2009.05.30"]

1. d4 Nf6 2. Bg5 d6 3. Bxf6 exf6 4. c4 g6 5. Nc3 Bg7 6. Nf3 O-O 7. e3 f5 8. g3
Nd7 9. Bg2 c5 10. Nb5 cxd4 11. exd4 Re8+ 12. Kf1 Nb6 13. b3 a6 14. Nc3 Be6 15.
Qd2 Rc8 16. Rc1 Bf6 17. a4 g5 18. h4 g4 19. Ng5 Qe7 20. a5 Na8 21. Nd5 Bxd5 22.
Bxd5 Bxg5 23. hxg5 b5 24. Bxa8 Rxa8 25. cxb5 axb5 26. b4 Rac8 27. Rxc8 Rxc8 28.
Kg2 Qe4+ 29. Kh2 Rc2 30. Qf4 Qxf4 31. gxf4 Rxf2+ 32. Kg3 Rf3+ 33. Kg2 Ra3 34.
Rh6 Ra4 35. Rxd6 Rxb4 36. a6 Ra4 37. Rb6 Rxd4 38. a7 1-0

[Event "C.to Regionale Calabria"]
[Site "Amantea ITA"]
[Date "2009.06.01"]
[Round "4"]
[White "Serratore, Vincenzo"]
[Black "Abatino, Maurizio"]
[Result "1-0"]
[WhiteElo "1900"]
[BlackElo "2174"]
[PlyCount "93"]
[EventDate "2009.05.30"]

1. d4 Nf6 2. Nd2 e6 3. Ngf3 c5 4. e3 cxd4 5. exd4 b6 6. Bd3 Bb7 7. Qe2 Be7 8.
O-O O-O 9. c3 d6 10. Ne4 Nbd7 11. Bf4 Nxe4 12. Bxe4 Bxe4 13. Qxe4 Nf6 14. Qe2
Qd7 15. Rfe1 Rac8 16. Ng5 Qc6 17. Ne4 Nxe4 18. Qxe4 Qxe4 19. Rxe4 Rc4 20. Rae1
d5 21. R4e2 b5 22. Be3 Rfc8 23. Rc2 b4 24. Rec1 Bd8 25. Kf1 a5 26. Ke2 a4 27.
Kd3 b3 28. axb3 axb3 29. Re2 Ra8 30. h3 Ra2 31. g3 h6 32. f4 Bc7 33. g4 f6 34.
Rce1 Kf7 35. h4 Bd8 36. Bc1 Ra6 37. g5 h5 38. Rg2 Rcc6 39. g6+ Ke7 40. f5 Kd7
41. Bh6 exf5 42. Bxg7 Be7 43. Bh6 Ra8 44. g7 Rg8 45. Rge2 Bd6 46. Re6 Bf4 47.
Re7+ 1-0

[Event "C.to Regionale Calabria"]
[Site "Amantea ITA"]
[Date "2009.06.01"]
[Round "4"]
[White "Sorbara, Emilio"]
[Black "Sansosti, Simona"]
[Result "0-1"]
[WhiteElo "1446"]
[BlackElo "1410"]
[PlyCount "77"]
[EventDate "2009.05.30"]

1. d4 d5 2. c4 e6 3. Nc3 Nf6 4. Nf3 Nbd7 5. Qc2 c5 6. Bg5 cxd4 7. Nxd4 Bc5 8.
Nf3 O-O 9. h4 h6 10. Bxf6 Nxf6 11. e3 Re8 12. O-O-O Qa5 13. Kb1 Bb4 14. a3 Bxc3
15. bxc3 Qxa3 16. cxd5 Nxd5 17. Rd3 Qc5 18. c4 Nb4 19. Qb3 Nxd3 20. Bxd3 Bd7
21. Rd1 Bc6 22. g4 Bxf3 23. Rd2 Bxg4 24. f4 Qxe3 25. Bh7+ Kxh7 26. Qxe3 b6 27.
Rd7 Bf5+ 28. Kb2 Bg6 29. Qd4 a5 30. Ka3 Rab8 31. Qe5 Kg8 32. h5 Bf5 33. Qc7
Rec8 34. Qa7 Rxc4 35. Rxf7 Rxf4 36. Rxg7+ Kh8 37. Qf7 Rf3+ 38. Kb2 Rf2+ 39. Kc1
0-1

[Event "C.to Regionale Calabria"]
[Site "Amantea ITA"]
[Date "2009.06.01"]
[Round "5"]
[White "Abatino, Maurizio"]
[Black "Paragliola, Gennaro"]
[Result "1-0"]
[WhiteElo "2174"]
[BlackElo "1635"]
[PlyCount "43"]
[EventDate "2009.05.30"]

1. d4 Nf6 2. c4 e6 3. Nc3 b6 4. e4 Bb7 5. Bd3 Bb4 6. Qc2 O-O 7. Nge2 d5 8. cxd5
exd5 9. e5 Ng4 10. Bxh7+ Kh8 11. Bf5 Nh6 12. Bh3 c5 13. O-O Nc6 14. Be3 Qh4 15.
Rad1 cxd4 16. Bxd4 Nxd4 17. Rxd4 Qe7 18. Nxd5 Bxd5 19. Rxd5 Bc5 20. Nc3 Rfd8
21. Rfd1 Qh4 22. Ne4 1-0

[Event "C.to Regionale Calabria"]
[Site "Amantea ITA"]
[Date "2009.06.01"]
[Round "5"]
[White "Costantino, Gregorio"]
[Black "Nicoletta, Oscare"]
[Result "1-0"]
[WhiteElo "1440"]
[BlackElo "1368"]
[PlyCount "87"]
[EventDate "2009.05.30"]

1. d4 d5 2. Nf3 Nf6 3. e3 Ne4 4. Bd3 Bf5 5. Nbd2 Nxd2 6. Bxf5 Nxf3+ 7. Qxf3 e6
8. Bd3 Bd6 9. c3 O-O 10. O-O c6 11. e4 dxe4 12. Qxe4 g6 13. Bh6 Re8 14. g3 f5
15. Qf3 Nd7 16. Rae1 Qf6 17. h4 e5 18. Bc4+ Kh8 19. Bg5 Qg7 20. Qd1 h6 21. Bc1
b5 22. Bb3 exd4 23. Bxh6 Qxh6 24. Qxd4+ Kh7 25. Qxd6 Qg7 26. Kg2 Ne5 27. a3
Rad8 28. Qc5 Nd3 29. Qxc6 Nxe1+ 30. Kg1 Qd7 31. Qf6 Nf3+ 32. Kg2 Rf8 33. Qa6
Nd2 34. Rd1 Nxb3 35. Rxd7+ Rxd7 36. Qxb5 Rfd8 37. Qxb3 Kh6 38. c4 Rd3 39. Qa4
Rb8 40. b4 Rb7 41. Qc6 Rbd7 42. a4 Kh5 43. Qf6 Rd2 44. Qg5# 1-0

[Event "C.to Regionale Calabria"]
[Site "Amantea ITA"]
[Date "2009.06.01"]
[Round "5"]
[White "Garofalo, Massimo"]
[Black "Fittante, Enrico"]
[Result "0-1"]
[WhiteElo "1996"]
[BlackElo "1479"]
[PlyCount "89"]
[EventDate "2009.05.30"]

1. d4 d5 2. c4 c6 3. g3 Nf6 4. Bg2 e6 5. Qc2 Be7 6. Nf3 O-O 7. O-O Nbd7 8. cxd5
exd5 9. Nc3 Re8 10. Bg5 Nf8 11. a3 Ng6 12. Rab1 Be6 13. e3 Ne4 14. Bxe7 Rxe7
15. Qb3 Qd7 16. Rbc1 Bh3 17. Nxe4 dxe4 18. Nd2 Rae8 19. Rfe1 Qg4 20. Qd1 Qxd1
21. Rexd1 Bxg2 22. Kxg2 Nf8 23. b4 Nd7 24. Rc2 Nb6 25. Rdc1 a6 26. h3 g6 27.
Rc5 f5 28. Kh2 Na4 29. R5c2 Nb6 30. Rc5 Kf7 31. Kg2 h5 32. Ra1 Rd8 33. Nb3 Na4
34. Rc2 Rd5 35. Kf1 Red7 36. Ke2 Ke7 37. Rg1 Kf6 38. Rgc1 g5 39. f3 exf3+ 40.
Kxf3 Re7 41. Rf1 Rd6 42. Ke2 Rde6 43. Rf3 g4 44. hxg4 hxg4 45. Rf4 0-1

[Event "C.to Regionale Calabria"]
[Site "Amantea ITA"]
[Date "2009.06.01"]
[Round "5"]
[White "Mercuri, Delia"]
[Black "Scalise, Sandro"]
[Result "0-1"]
[WhiteElo "1439"]
[BlackElo "1586"]
[PlyCount "73"]
[EventDate "2009.05.30"]

1. e4 Nf6 2. e5 Nd5 3. c4 Nb6 4. d4 d6 5. exd6 cxd6 6. Nf3 Nc6 7. Be2 Bf5 8.
O-O g6 9. Nc3 Bg7 10. Be3 O-O 11. Qd2 Re8 12. a3 Na5 13. Rad1 Naxc4 14. Bxc4
Nxc4 15. Qe2 Nxe3 16. fxe3 Rc8 17. Nh4 Bd7 18. Qf3 Rf8 19. Ne4 e5 20. Nxd6 Bg4
21. Qg3 Bxd1 22. Nxc8 Be2 23. Rc1 exd4 24. Nd6 dxe3 25. b4 Qb6 26. Nf3 Bxf3 27.
gxf3 Rd8 28. Nc4 Qd4 29. Qc7 e2+ 30. Kg2 b5 31. Na5 Re8 32. Re1 Be5 33. Nc6 Qd2
34. Nxe5 Rxe5 35. Qxe5 Qxe1 36. Qe8+ Kg7 37. Qe5+ 0-1

[Event "C.to Regionale Calabria"]
[Site "Amantea ITA"]
[Date "2009.06.01"]
[Round "5"]
[White "Mercurio, Rosario"]
[Black "Sorbara, Emilio"]
[Result "0-1"]
[WhiteElo "1372"]
[BlackElo "1446"]
[PlyCount "54"]
[EventDate "2009.05.30"]

1. c4 e5 2. Nc3 Bc5 3. Nf3 Nf6 4. Nxe5 O-O 5. d4 Bb4 6. Bd2 d6 7. Nd3 Re8 8.
Nxb4 Ng4 9. Nd3 Bf5 10. Nc1 Nc6 11. e3 Nxd4 12. Bd3 Qh4 13. g3 Qg5 14. Nd5 c6
15. Nc7 Nxe3 16. fxe3 Rxe3+ 17. Bxe3 Qxe3+ 18. Qe2 Nxe2 19. Bxe2 Rc8 20. Rf1
Bg4 21. Rf2 Rxc7 22. Rf4 h5 23. h3 Qxg3+ 24. Kd1 Qxf4 25. hxg4 hxg4 26. Bd3 g3
27. Ne2 Qf1+ 0-1